Top Ten Countries With Most Guns - Statistics

General Stats
  • This quiz has been taken 409 times
  • The average score is 3 of 10
Answer Stats
Guns per 100 residents Countries % Correct
112.6 USA
100%
34.2 Iraq
49%
45.7 Switzerland
34%
54.8 Yemen
32%
35 Saudi Arabia
31%
31.3 Norway
30%
31.6 Sweden
30%
75.6 Serbia
19%
31.8 Uruguay
8%
36.4 Cyprus
3%
No matching quizzes found
Score Distribution
Percent of People with Each Score
Percentile by Number Answered
Your Score History
You have not taken this quiz